000 00638nam a22002172 4500
001 0000002619
005 20151217151900.0
008 070417s xx 000 0 eng d
020 _a0130992992 :
_cKES 600
040 _aKABU
_cKABU
050 0 _aPE1408
_b.R45 2003
100 1 _aReid, Stephen.
_@0000152051
245 1 4 _aThe Prentice Hall guide for college writers.
250 _a6th ed.
260 _aUpper Saddle River, NJ :
_bPrentice Hall,
_c2003.
300 _axxxi,715 p.
650 0 _aEnglish language
_xRhetoric.
_@0000152050
908 _a070417
950 _@1
999 _c5943
_d5943